logo

Bir Sreshtho Munshi Abdur Rouf Library
Jhenaidah Cadet College

Language arts for today's children / (Record no. 9612)

MARC details
000 -LEADER
fixed length control field 00827cam a22002411 4500
001 - CONTROL NUMBER
JCCL Control Number 9612
003 - CONTROL NUMBER IDENTIFIER
JCCL marc code BD-JhCC
005 - DATE AND TIME OF LATEST TRANSACTION
control field 20180321174124.0
008 - FIXED-LENGTH DATA ELEMENTS--GENERAL INFORMATION
fixed length control field 180320s1954 nyua 000 0 eng
035 ## - SYSTEM CONTROL NUMBER
system control number (OCoLC)2981385
-- (BD-JhCC)9612
040 ## - CATALOGING SOURCE
Original cataloging agency DLC
Transcribing agency OClCo
Modifying agency OCoLC
-- NBrockU
-- OCoLC
-- ODaWU
-- DLC
-- BD-JhCC
041 ## - LANGUAGE CODE
Language code of Book eng
050 00 - LIBRARY OF CONGRESS CALL NUMBER
Classification number LB1576
Item number .N28
082 ## - DEWEY DECIMAL CLASSIFICATION NUMBER
Classification number 372.4
Author mark and Year LAN 1954
245 10 - TITLE STATEMENT
Title Language arts for today's children /
Statement of responsibility, etc The Commission on the English Curriculum of the national council of teacher of English
260 ## - PUBLICATION, DISTRIBUTION, ETC. (IMPRINT)
Place of publication, distribution, etc New York :
Name of publisher, distributor, etc Appleton-Century-Crofts,
Date of publication, distribution, etc 1954.
300 ## - PHYSICAL DESCRIPTION
Pagination 431 p.
Other physical details illus.
Dimensions 22 cm.
650 #0 - SUBJECT ADDED ENTRY--TOPICAL TERM
Topical term or geographic name as entry element Children
General subdivision Language.
650 #0 - SUBJECT ADDED ENTRY--TOPICAL TERM
Topical term or geographic name as entry element Communication.
710 ## - ADDED ENTRY--CORPORATE NAME
Corporate name or jurisdiction name as entry element The Commission on the English Curriculum of the national council of teacher of English
942 ## - ADDED ENTRY ELEMENTS (KOHA)
Source of classification or shelving scheme Dewey Decimal Classification
Koha item type Books
Holdings
Source of classification or shelving scheme Damaged status Not for loan Home library Current library Shelving location Total Checkouts Full call number Barcode Date last seen Copy number Koha item type
Dewey Decimal Classification     JCC Rouf Library JCC Rouf Library General Stacks   372.4 LAN 1954 12792 03/20/2018 C - 1 Books

JCC Library | Contacts | JCC Home

Last Update on 23 September 2017
Copyright @ 2017-2020 JCC Rouf Library
Rouf Library, Jhenidah Cadet College (JCC), Bangladesh